Music Quiz

Random Music or Song Quiz

Vowel-less Song Titles Quiz Stats

 Plays Quiz Updated Nov 8, 2018

Support Sporcle.
Go Orange.
Score 0/50 Timer 07:00
2 Plays Today
Hint Song % Correct
SxyBckSexyBack
97.7%
Swt Chld ' MnSweet Child O' Mine
96.2%
SptmbrSeptember
92.2%
Blvrd f Brkn DrmsBoulevard of Broken Dreams
91.5%
RspctRespect
90%
DghtrsDaughters
89.1%
Ls YrslfLose Yourself
88.7%
Whr s th Lv?Where Is the Love?
88.7%
Y.M.C.Y.M.C.A.
87%
Hllbck GrlHollaback Girl
86.6%
By By ByBye Bye Bye
86%
Thnks Fr Th MmrsThnks Fr Th Mmrs
84.8%
S WhtSo What
84.4%
Prd MryProud Mary
84.3%
WnnbWannabe
82.8%
Swt Hm lbmSweet Home Alabama
80.7%
r SngOur Song
79.9%
Vv l VdViva la Vida
79.4%
ps!... Dd t gnOops!...I Did It Again
78.4%
Wh Lvs YWho Loves You
77.6%
mgnImagine
76.5%
n d ClbIn da Club
74.6%
mbrllUmbrella
73.5%
Lv nd Lt DLive and Let Die
73.2%
rrplcblIrreplaceable
72.7%
Hint Song % Correct
Gmm ShltrGimme Shelter
68.5%
BCABC
68.4%
Sspcs MndsSuspicious Minds
67.9%
mpr Stt f MndEmpire State of Mind
67.8%
ndr PrssrUnder Pressure
67.1%
Trs n HvnTears in Heaven
65.7%
Ht n HrrHot in Herre
65.3%
Mdnght Trn t GrgMidnight Train to Georgia
64.2%
Pn MnPiano Man
64.1%
plgzApologize
63.8%
Vd Klld th Rd StrVideo Killed the Radio Star
61.9%
Mmm MMamma Mia
60.5%
SprsttnSuperstition
60.2%
BtylcsBootylicious
59.9%
Gn n BttlGenie in a Bottle
59.6%
t LstAt Last
59.1%
Clnt stwdClint Eastwood
57.7%
ClfrnCalifornia
55.2%
Bl (D B D)Blue (Da Ba Dee)
52.3%
rsIris
52.2%
ShtShout
50.7%
N nNo One
45.5%
Gt rndI Get Around
43.2%
nwllUnwell
35.9%
ChrtChariot
28.7%

From the Vault

Goodnight Moon Objects

by Scott

Hopefully this quiz doesn't make you too sleepy.
Remove Ads.
Support Sporcle.
Get the best of Sporcle when you Go Orange. This ad-free experience offers more features, more stats, and more fun while also helping to support Sporcle. Thank you for becoming a member.

Show Comments

Extras

Top Quizzes Today


Score Distribution

Your Account Isn't Verified!

In order to create a playlist on Sporcle, you need to verify the email address you used during registration. Go to your Sporcle Settings to finish the process.

Report this User

Report this user for behavior that violates our Community Guidelines.

Details: